[Event "Lansing (Apr)"]
[Site "?"]
[Date "1990.??.??"]
[Round "?"]
[White "Asbury, Victor"]
[Black "Saulmon, Scott"]
[Result "0-1"]
[WhiteElo "1605"]
[BlackElo "1610"]
[PlyCount "90"]
[EventDate "1990.??.??"]

1. c4 Nf6 2. Nc3 d6 3. g3 g6 4. Bg2 Bg7 5. e3 O-O 6. Nge2 Nc6 7. a3 Ne5 8. d3
Rb8 9. Qc2 Bf5 10. e4 Bd7 11. O-O Qc8 12. Nf4 g5 13. Nfd5 Nxd5 14. Nxd5 Bf6 15.
f4 gxf4 16. Nxf6+ exf6 17. Bxf4 f5 18. Rae1 Ng6 19. Bh6 Re8 20. Qc3 Ne5 21. Rf4
Re6 22. Rh4 Rg6 23. exf5 Bxf5 24. Be4 Bxe4 25. Rexe4 Nf3+ 26. Kf2 Nxh4 27. Rxh4
Qf5+ 28. Bf4 Re8 29. Kf3 Qf6 30. Qxf6 Rxf6 31. Rh5 Re5 32. Rxe5 dxe5 33. Ke4
exf4 34. gxf4 Rh6 35. d4 Rxh2 36. b4 Ra2 37. d5 Rxa3 38. c5 Ra4 39. d6 cxd6 40.
cxd6 Rxb4+ 41. Ke5 Kf8 42. f5 Ke8 43. Kf6 Rb6 44. Kg7 Rxd6 45. Kxh7 Rf6 0-1

[Event "Flint (Class C/4)"]
[Site "?"]
[Date "1990.??.??"]
[Round "?"]
[White "Asbury, Victor"]
[Black "Saulmon, Scott"]
[Result "0-1"]
[WhiteElo "1605"]
[BlackElo "1605"]
[PlyCount "80"]
[EventDate "1990.??.??"]

1. c4 Nf6 2. Nc3 g6 3. g3 Bg7 4. Bg2 O-O 5. e3 c6 6. Nge2 d5 7. b3 Bg4 8. O-O
Ne4 9. Qc2 Bxe2 10. Nxe2 Bxa1 11. d4 Qa5 12. Bxe4 dxe4 13. Bd2 Qh5 14. Bb4 Bxd4
15. Nxd4 c5 16. Bxc5 Qxc5 17. Qxe4 Nc6 18. Nxc6 bxc6 19. Rd1 Rfd8 20. Rd4 Rxd4
21. exd4 Qd6 22. c5 Qe6 23. Qf3 Rd8 24. Qe3 Qxe3 25. fxe3 e5 26. Kf2 exd4 27.
exd4 Rxd4 28. Ke3 Rd5 29. b4 a5 30. a3 Kf8 31. Ke4 Ke7 32. b5 Rxc5 33. bxc6
Rxc6 34. Kd5 Kd7 35. a4 f6 36. g4 Rc2 37. h4 f5 38. gxf5 gxf5 39. Ke5 Rh2 40.
Kxf5 Rxh4 0-1

[Event "Lansing (Mini-Swiss.3/1)"]
[Site "?"]
[Date "1990.??.??"]
[Round "?"]
[White "Asbury, Victor"]
[Black "Russell, K."]
[Result "1-0"]
[WhiteElo "1605"]
[BlackElo "1695"]
[PlyCount "76"]
[EventDate "1990.??.??"]

{3/(1)} 1. c4 Nf6 2. Nc3 g6 3. g3 Bg7 4. Bg2 c5 5. e3 Nc6 6. Nge2 Ne5 7. d3 O-O
8. O-O e6 9. Qc2 d5 10. cxd5 exd5 11. Bd2 Bf5 12. e4 dxe4 13. dxe4 Be6 14. Rad1
Qb6 15. Be3 Nc4 16. Na4 Nxe3 17. fxe3 Qc7 18. Qxc5 Qxc5 19. Nxc5 Bxa2 20. Nxb7
Rab8 21. Ra1 Bc4 22. Rfe1 Rxb7 23. e5 Rxb2 24. exf6 Bxf6 25. Nd4 a6 26. Ra4 Bb5
27. Nxb5 axb5 28. Ra7 Re8 29. Bd5 Re7 30. Rxe7 Bxe7 31. Rf1 Kh8 32. Bxf7 Bc5
33. Re1 Kg7 34. Bd5 Kf6 35. Kh1 Ke5 36. e4 Rc2 37. Ra1 b4 38. Ra5 Rc3 $138 1-0

[Event "Lansing (Apr)"]
[Site "?"]
[Date "1990.??.??"]
[Round "?"]
[White "Asbury, Victor"]
[Black "LaGuire, D."]
[Result "1-0"]
[WhiteElo "1605"]
[BlackElo "1605"]
[PlyCount "91"]
[EventDate "1990.??.??"]

1. c4 e5 2. Nc3 g6 3. g3 Bg7 4. Bg2 c6 5. e3 Nf6 6. Nge2 d5 7. b3 O-O 8. O-O
Bf5 9. Bb2 Bd3 10. Re1 dxc4 11. Nc1 e4 12. bxc4 Bxc4 13. Nxe4 Nxe4 14. Bxg7
Nxf2 15. Kxf2 Kxg7 16. Nb3 Bd5 17. Qc2 Bxg2 18. Kxg2 Nd7 19. Qb2+ f6 20. Nd4
Nc5 21. Qc3 Qd5+ 22. Kg1 Rfe8 23. Rf1 Ne4 24. Qb2 b6 25. Rf4 c5 26. Nb3 Qe5 27.
Qxe5 Rxe5 28. Rc1 g5 29. Rf3 Kg6 30. g4 Rd8 31. d4 cxd4 32. exd4 Red5 33. Re1
f5 34. gxf5+ Rxf5 35. Rfe3 Nf6 36. Re6 Kh5 37. R1e5 Kg4 38. Kg2 Nd5 39. h3+ Kh5
40. Rxf5 Nf4+ 41. Rxf4 gxf4 42. Kf3 Kh4 43. Rh6+ Kg5 44. Rxh7 Rc8 45. h4+ Kg6
46. Rxa7 1-0

[Event "Detroit (RVO/5)"]
[Site "?"]
[Date "1990.??.??"]
[Round "?"]
[White "Asbury, Victor"]
[Black "June, Brian"]
[Result "0-1"]
[WhiteElo "1640"]
[BlackElo "1765"]
[PlyCount "82"]
[EventDate "1990.??.??"]

1. c4 Nf6 2. Nc3 g6 3. g3 Bg7 4. Bg2 O-O 5. e3 e5 6. Nge2 d6 7. O-O Nc6 8. d3
Be6 9. b3 Qd7 10. f4 exf4 11. Rxf4 Bg4 12. d4 Rae8 13. Qf1 Nh5 14. Rf2 Nb4 15.
Nf4 Nxf4 16. gxf4 c5 17. Nd1 cxd4 18. Rb1 Bf5 19. e4 Bxe4 20. Bxe4 Rxe4 21. Re2
Rxe2 22. Qxe2 Re8 23. Qf3 Qf5 24. Rb2 Nd3 25. Bd2 Nxb2 26. Nxb2 Qc2 27. Nd3
Qxd2 28. f5 Qg5+ 29. Kh1 Re3 30. Qf4 Qxf4 31. Nxf4 d3 32. Nxd3 Rxd3 33. fxg6
Rd2 34. gxh7+ Kxh7 35. a3 Kg6 36. h4 Bd4 37. b4 Kh5 38. c5 dxc5 39. bxc5 Kxh4
40. c6 bxc6 41. a4 Kh3 0-1

[Event "Detroit (RVO/2)"]
[Site "?"]
[Date "1990.??.??"]
[Round "?"]
[White "Asbury, Victor"]
[Black "Johnson, P."]
[Result "1-0"]
[WhiteElo "1640"]
[BlackElo "1605"]
[PlyCount "71"]
[EventDate "1990.??.??"]

1. c4 Nf6 2. Nc3 g6 3. g3 Bg7 4. Bg2 c6 5. e3 O-O 6. Nge2 d5 7. b3 Na6 8. d4
Rb8 9. O-O b5 10. c5 Nc7 11. b4 Re8 12. Bd2 e5 13. Qc1 e4 14. a4 a6 15. axb5
Nxb5 16. Nxb5 Rxb5 17. Ra4 Re7 18. Qa3 Ra7 19. Ra1 Rb8 20. Ra5 Nd7 21. Bc3 Nb6
22. cxb6 Qxb6 23. Bf1 Bf8 24. Nf4 Bxb4 25. Bxb4 Qxb4 26. Qxb4 Rxb4 27. Bxa6
Bxa6 28. Rxa6 Rc7 29. Rc1 Rc4 30. Rxc4 dxc4 31. Ra4 c3 32. Rc4 Ra7 33. Rxc3 g5
34. Ne2 Rc7 35. Rc5 f6 36. d5 1-0

[Event "Lansing (Mini-Swiss.3/1)"]
[Site "?"]
[Date "1990.??.??"]
[Round "?"]
[White "Asbury, Victor"]
[Black "Hill, M."]
[Result "1-0"]
[WhiteElo "1605"]
[BlackElo "1605"]
[PlyCount "111"]
[EventDate "1990.??.??"]

{3/(1)} 1. c4 c5 2. Nc3 Nc6 3. g3 g6 4. Bg2 Bg7 5. e3 e5 6. Nge2 Nge7 7. O-O
O-O 8. a3 a6 9. d3 d6 10. f4 Rb8 11. Qc2 Be6 12. Bd2 Qd7 13. Rad1 Bh3 14. Rf2
Bxg2 15. Kxg2 Rbd8 16. Bc1 Qe6 17. Ng1 d5 18. cxd5 Nxd5 19. Nxd5 Qxd5+ 20. e4
Qd6 21. Be3 Nd4 22. fxe5 Bxe5 23. Bxd4 Bxd4 24. Re2 Rd7 25. Nf3 Re8 26. Nxd4
cxd4 27. b4 b5 28. Qc5 Re5 29. Qxd6 Rxd6 30. Rc2 Re7 31. Rc8+ Kg7 32. Rdc1 Rde6
33. Rd8 f5 34. Rxd4 fxe4 35. dxe4 Rxe4 36. Rxe4 Rxe4 37. Rc7+ Kh6 38. Ra7 Re6
39. Kf3 g5 40. h4 gxh4 41. gxh4 Kg6 42. Kf4 h5 43. Ra8 Rf6+ 44. Ke5 Kg7 45.
Rg8+ Kxg8 46. Kxf6 Kh7 47. Kg5 Kg7 48. Kxh5 Kh7 49. Kg5 Kg7 50. Kf5 Kh6 51. Ke5
Kh5 52. Kd5 Kxh4 53. Kc5 Kg5 54. Kb6 Kf6 55. Kxa6 Ke6 56. Kxb5 1-0

[Event "Lansing (Jan)"]
[Site "?"]
[Date "1990.??.??"]
[Round "?"]
[White "Asbury, Victor"]
[Black "Dakins, J."]
[Result "0-1"]
[WhiteElo "1605"]
[BlackElo "1605"]
[PlyCount "102"]
[EventDate "1990.??.??"]

1. c4 e5 2. Nc3 Nf6 3. g3 Nc6 4. Bg2 Rb8 5. e3 Bc5 6. Nge2 O-O 7. O-O Re8 8. a3
d6 9. b4 Bb6 10. Na4 a6 11. Nxb6 cxb6 12. Bb2 Ne7 13. d3 Ng6 14. Qd2 Bf5 15.
Qc3 Qd7 16. f4 Bh3 17. fxe5 dxe5 18. d4 Bxg2 19. Kxg2 Qg4 20. Rf2 Nh4+ 21. Kh1
Qe4+ 22. Kg1 Nf3+ 23. Kf1 Ng4 24. dxe5 Nxe3+ 25. Qxe3 Qxe3 26. Nf4 Nxe5 27. Re1
Qb3 28. Bxe5 Qxc4+ 29. Rfe2 Rxe5 30. Kf2 Rxe2+ 31. Rxe2 h6 32. Kf3 Qc6+ 33. Kf2
Re8 34. Rxe8+ Qxe8 35. Kf3 Qa4 36. Ke4 Qxa3 37. Nd5 b5 38. Ke5 a5 39. bxa5 Qxa5
40. Kd4 b4 41. Kc4 Qxd5+ 42. Kxb4 Qd2+ 43. Kb5 Qxh2 44. Kb6 Qxg3 45. Kxb7 Qc3
46. Kb6 h5 47. Ka7 h4 48. Kb8 h3 49. Ka8 h2 50. Kb8 h1=R 51. Kb7 Rb1+ 0-1

[Event "Flint (Class C/3)"]
[Site "?"]
[Date "1990.??.??"]
[Round "?"]
[White "Asbury, Victor"]
[Black "Collins, Devontia"]
[Result "1-0"]
[WhiteElo "1605"]
[BlackElo "1605"]
[PlyCount "165"]
[EventDate "1990.??.??"]

1. c4 Nf6 2. Nc3 g6 3. g3 Bg7 4. Bg2 O-O 5. e3 d6 6. Nge2 e5 7. O-O Nc6 8. a3
Be6 9. d3 Qd7 10. b3 Bh3 11. f4 Bxg2 12. Kxg2 exf4 13. Nxf4 a6 14. Ra2 Rae8 15.
Ncd5 Nxd5 16. Nxd5 Ne7 17. Nxe7+ Qxe7 18. e4 h5 19. Bb2 Bxb2 20. Rxb2 h4 21.
Qg4 hxg3 22. hxg3 Qe5 23. Rbf2 Qe6 24. Qg5 Kg7 25. Rf6 Qe5 26. Qh4 Re6 27. Rh1
Qh5 28. Qxh5 gxh5 29. Rxe6 fxe6 30. Rxh5 Rf6 31. g4 Rh6 32. Kg3 Rf6 33. g5 Rf7
34. Kg4 e5 35. Rh6 Rf4+ 36. Kg3 Rf1 37. Re6 Rf8 38. Kg4 Rf4+ 39. Kh5 Kf7 40.
Rh6 Kg7 41. g6 Rh4+ 42. Kxh4 Kxh6 43. g7 Kxg7 44. Kg5 Kf7 45. Kf5 Ke7 46. b4 b6
47. a4 c6 48. c5 b5 49. axb5 axb5 50. cxd6+ Kxd6 51. Kf6 c5 52. bxc5+ Kxc5 53.
Kxe5 b4 54. d4+ Kc4 55. d5 b3 56. d6 b2 57. d7 b1=Q 58. d8=Q Qb2+ 59. Ke6 Qg7
60. Qd5+ Kb4 61. Qd6+ Kc4 62. e5 Qg6+ 63. Kd7 Qf7+ 64. Kd8 Qg8+ 65. Ke7 Qg7+
66. Ke6 Qg6+ 67. Kd7 Qf7+ 68. Kc8 Qe8+ 69. Kb7 Qb5+ 70. Ka7 Qa5+ 71. Kb7 Qb5+
72. Kc7 Qa5+ 73. Kd7 Qa7+ 74. Ke6 Qg7 75. Qd5+ Kb4 76. Qd6+ Kc4 77. Qc6+ Kb4
78. Kd5 Qg2+ 79. Kd6 Qd2+ 80. Qd5 Qh6+ 81. e6 Qh2+ 82. Kd7 Qb8 83. Qd6+ 1-0

[Event "Flint (Class C/1)"]
[Site "?"]
[Date "1990.??.??"]
[Round "?"]
[White "Asbury, Victor"]
[Black "Calton, David A"]
[Result "1-0"]
[WhiteElo "1605"]
[BlackElo "1605"]
[PlyCount "121"]
[EventDate "1990.??.??"]

1. c4 Nf6 2. Nc3 e6 3. g3 d5 4. cxd5 Nxd5 5. Qb3 Nc6 6. Nxd5 Qxd5 7. Qxd5 exd5
8. Bg2 Be6 9. e3 Nb4 10. Kd1 Nd3 11. Ke2 Bd6 12. Kxd3 c6 13. Nf3 Bf5+ 14. Ke2
Be7 15. d4 O-O 16. Bd2 f6 17. a3 a5 18. h3 g5 19. g4 Bg6 20. h4 h6 21. hxg5
hxg5 22. Rh6 Be4 23. Rah1 Kf7 24. Nxg5+ fxg5 25. Bxe4 dxe4 26. Rh7+ Ke6 27.
R1h6+ Kd7 28. b4 b6 29. d5 cxd5 30. Rxb6 Kc7 31. bxa5 Kd8 32. Bb4 Bxb4 33. axb4
Kc8 34. Rhb7 Rf3 35. b5 Rxa5 36. Rb8+ Kc7 37. R6b7+ Kd6 38. Rb6+ Kc5 39. Ra6
Rxb5 40. Rxb5+ Kxb5 41. Rg6 Kc5 42. Rxg5 Rh3 43. Kf1 Kd6 44. Kg2 Rh8 45. Kg3
Rf8 46. Rf5 Rg8 47. Kf4 Rh8 48. Rf6+ Ke7 49. Ke5 Rh2 50. Rf5 Rg2 51. g5 Rg4 52.
Kxd5 Kd7 53. Ke5 Ke7 54. Kd5 Kd7 55. Re5 Rg2 56. g6 Rxg6 57. Kxe4 Kd6 58. f4
Rg1 59. Rd5+ Ke7 60. Ke5 Re1 61. e4 1-0

[Event "Lansing (MI Am/4/2)"]
[Site "?"]
[Date "1990.??.??"]
[Round "?"]
[White "Arganian, David H"]
[Black "Triplett, Thomas"]
[Result "1-0"]
[WhiteElo "1855"]
[BlackElo "1890"]
[PlyCount "157"]
[EventDate "1990.??.??"]

{4/(2)} 1. c4 Nf6 2. g3 e5 3. Bg2 Be7 4. Nc3 O-O 5. e3 d6 6. Nge2 c6 7. d4 Be6
8. b3 Na6 9. O-O Qc8 10. Re1 Nc7 11. Bb2 Bh3 12. Bh1 Qg4 13. Nc1 Qg5 14. f4 Qh6
15. Nd3 exd4 16. exd4 Rfe8 17. Nf2 Bf8 18. Qd3 g6 19. Nce4 Nd7 20. Nxh3 Qxh3
21. d5 Qf5 22. Qd4 f6 23. dxc6 bxc6 24. Nxf6+ Nxf6 25. Qxf6 Qxf6 26. Bxf6 d5
27. Be5 Bc5+ 28. Kf1 Re7 29. Bxc7 Rxc7 30. cxd5 Rd8 31. Rad1 cxd5 32. Rxd5 Rdc8
33. Rde5 Bb4 34. Re8+ Kg7 35. Rxc8 Rxc8 36. Re2 Rc1+ 37. Kg2 Bc5 38. h3 Kf6 39.
g4 Kf7 40. Kh2 Bg1+ 41. Kg3 Rc3+ 42. Bf3 h6 43. Kg2 Bb6 44. Bd5+ Kf8 45. a4 Rc1
46. Re6 Rc2+ 47. Kf3 Rc3+ 48. Ke2 Rxh3 49. Rxg6 h5 50. g5 h4 51. f5 Re3+ 52.
Kd2 Re5 53. Rf6+ Ke7 54. Re6+ Rxe6 55. Bxe6 h3 56. Kd3 Kd6 57. Kc4 Ke5 58. g6
Kf6 59. Bd5 Bf2 60. b4 Bg3 61. b5 Bf4 62. a5 Bc7 63. Kb4 h2 64. b6 axb6 65. a6
Bb8 66. Kb5 Ba7 67. Kc6 b5 68. Kxb5 Bd4 69. Kc4 Ba7 70. Kd3 Bb6 71. Ke2 Bd4 72.
Kf1 Ba7 73. Kg2 Bb8 74. Kh3 Kg7 75. Kg4 Kf6 76. Kh5 Ba7 77. Kh6 Be3+ 78. Kh7
Ke5 79. Bb7 1-0

[Event "Lansing (MI Am/2/19)"]
[Site "?"]
[Date "1990.??.??"]
[Round "?"]
[White "Arganian, David H"]
[Black "Needleman, Andrew"]
[Result "1-0"]
[WhiteElo "1855"]
[BlackElo "1605"]
[PlyCount "127"]
[EventDate "1990.??.??"]

{2/(19)} 1. c4 c6 2. e4 d5 3. exd5 cxd5 4. cxd5 Nf6 5. Nc3 Nxd5 6. Bc4 Nxc3 7.
Qf3 e6 8. dxc3 Qc7 9. Bb3 Bd6 10. Nh3 Bd7 11. Bf4 Bc6 12. Qg3 Bxf4 13. Nxf4
Qe5+ 14. Kf1 O-O 15. Kg1 Nd7 16. h3 Nf6 17. Kh2 Ne4 18. Rhe1 Qg5 19. Qxg5 Nxg5
20. f3 Bxf3 21. h4 Rad8 22. hxg5 Rd2 23. Rf1 Bc6 24. Rae1 Re8 25. Re2 Red8 26.
Rff2 R2d6 27. Nh3 Bb5 28. Re1 Rd2 29. Rxd2 Rxd2 30. Rd1 Rxd1 31. Bxd1 Kf8 32.
Ng1 Ke7 33. Nf3 Kd6 34. Kg3 Kd5 35. Kf4 Bd3 36. Ne5 Bg6 37. Nxg6 hxg6 38. Bf3+
Kd6 39. Bxb7 e5+ 40. Ke4 f5+ 41. gxf6 gxf6 42. g4 Ke6 43. Bd5+ Ke7 44. b4 Kd6
45. Bf7 g5 46. Kf5 Ke7 47. Bd5 Kd6 48. c4 Ke7 49. a4 e4 50. Kxe4 f5+ 51. Kxf5
a5 52. bxa5 Kd7 53. a6 Kd6 54. a7 Kc5 55. a8=Q Kd4 56. Qa7+ Kd3 57. Be4+ Kc3
58. Ke5 Kxc4 59. Qd4+ Kb3 60. Kd5 Ka2 61. Bc2 Ka3 62. Qb6 Ka2 63. Qb3+ Ka1 64.
Qb1# 1-0

[Event "Detroit (MCO/1/6)"]
[Site "?"]
[Date "1990.??.??"]
[Round "?"]
[White "Andrews, Steve"]
[Black "Turner, Keita"]
[Result "1-0"]
[WhiteElo "2205"]
[BlackElo "1665"]
[PlyCount "59"]
[EventDate "1990.??.??"]

{1/(6)} 1. d4 Nf6 2. c4 e5 3. dxe5 Ng4 4. Nf3 Nc6 5. Bg5 Be7 6. Bxe7 Qxe7 7.
Nc3 Ngxe5 8. Nd5 Qd8 9. e3 d6 10. Be2 Bf5 11. O-O O-O 12. Qb3 Na5 13. Qc3 Nxf3+
14. Bxf3 c6 15. Nf4 Be6 16. Nxe6 fxe6 17. b4 Qg5 18. Be2 Rf6 19. bxa5 Rg6 20.
g3 Rf8 21. Qd4 e5 22. Qe4 Qh6 23. Rab1 Rf7 24. a6 b6 25. Qxc6 Qh3 26. c5 Rh6
27. Qe8+ Rf8 28. Bc4+ d5 29. Bxd5+ Kh8 30. Qxf8# 1-0

[Event "Detroit (MI Op/3/8)"]
[Site "?"]
[Date "1990.??.??"]
[Round "?"]
[White "Andrews, Steve"]
[Black "Palmer, Tony"]
[Result "1-0"]
[WhiteElo "2185"]
[BlackElo "1990"]
[PlyCount "99"]
[EventDate "1990.??.??"]

{3/(8)} 1. d4 Nf6 2. c4 e6 3. Nf3 c5 4. d5 exd5 5. cxd5 d6 6. Nc3 g6 7. g3 Bg7
8. Bg2 O-O 9. Bf4 a6 10. a4 Re8 11. O-O Nh5 12. Bg5 Qb6 13. Qd2 Nd7 14. g4 Nhf6
15. a5 Qc7 16. Qf4 b5 17. axb6 Qxb6 18. h3 Qxb2 19. Rfc1 Qb8 20. Nd2 h6 21.
Bxh6 Ne5 22. Bxg7 Kxg7 23. Rcb1 Qc7 24. Qg3 c4 25. f4 Qc5+ 26. Qf2 Qxf2+ 27.
Kxf2 Nexg4+ 28. hxg4 Nxg4+ 29. Kg1 Ne3 30. Bf3 Bf5 31. Rb6 Nc2 32. Raxa6 Rxa6
33. Rxa6 Re3 34. Nd1 Ra3 35. Rxa3 Nxa3 36. e4 Bc8 37. Nc3 Kf6 38. e5+ dxe5 39.
Nde4+ Ke7 40. fxe5 Bf5 41. Ng5 Nc2 42. d6+ Kf8 43. Bd5 Nd4 44. Nxf7 Be6 45. Ng5
Bxd5 46. Nxd5 Ke8 47. Nf6+ Kd8 48. e6 Nf5 49. Nf7+ Kc8 50. d7+ 1-0

[Event "Detroit (MCO/5/4)"]
[Site "?"]
[Date "1990.??.??"]
[Round "?"]
[White "Andrews, Steve"]
[Black "Minskey, Charles"]
[Result "0-1"]
[WhiteElo "2205"]
[BlackElo "1945"]
[PlyCount "104"]
[EventDate "1990.??.??"]

{5/(4)} 1. d4 Nf6 2. Nf3 b6 3. Bf4 Bb7 4. e3 d6 5. Nbd2 e6 6. Bd3 Be7 7. h3
Nbd7 8. O-O O-O 9. e4 c5 10. c3 cxd4 11. cxd4 e5 12. Be3 exd4 13. Bxd4 Nc5 14.
Bxc5 dxc5 15. Qe2 Nh5 16. Rad1 Nf4 17. Qe3 Qxd3 18. Qxf4 Rac8 19. Ne5 Qb5 20.
Nec4 Ba6 21. Rc1 Qa4 22. b3 Qc6 23. Rfd1 Qe6 24. Nf1 h6 25. Nfe3 Rfd8 26. Rd5
Bb7 27. Re5 Qf6 28. Rf5 Qe6 29. Re5 Qf6 30. Nf5 Bf8 31. Nce3 Bd6 32. Ng4 Qg6
33. Nxd6 Rxd6 34. Re7 Bc6 35. Ne5 Qf6 36. Rxf7 Qxf4 37. Rxf4 Rd2 38. a3 Be8 39.
Nc4 Rd3 40. Rb1 Rcd8 41. Kh2 b5 42. Ne5 Rd2 43. Rf3 Rc2 44. a4 b4 45. Re1 Rd4
46. Kg3 Bh5 47. Rf5 Rc3+ 48. Re3 Bd1 49. Rxc3 bxc3 50. Nc6 c2 51. Rxc5 Rxe4 52.
Nxa7 Rb4 0-1

[Event "Detroit (MI Op/5/8)"]
[Site "?"]
[Date "1990.??.??"]
[Round "?"]
[White "Andrews, Steve"]
[Black "Lehotzky, Attila"]
[Result "1-0"]
[WhiteElo "2185"]
[BlackElo "2075"]
[PlyCount "45"]
[EventDate "1990.??.??"]

{5/(8)} 1. d4 Nf6 2. Nf3 d5 3. g3 g6 4. Bg2 Bg7 5. O-O h5 6. Bf4 Ne4 7. Nbd2
Nd6 8. Rc1 Nf5 9. c3 h4 10. e4 dxe4 11. Nxe4 hxg3 12. fxg3 Nd6 13. Ne5 Nd7 14.
Qb3 Nxe5 15. dxe5 Be6 16. Nxd6+ cxd6 17. Qxb7 Rb8 18. Qc6+ Bd7 19. Qf3 Rxb2 20.
exd6 Rxg2+ 21. Qxg2 Bh3 22. Qc6+ Kf8 23. dxe7+ 1-0

[Event "Detroit (MCO/3/4)"]
[Site "?"]
[Date "1990.??.??"]
[Round "?"]
[White "Andrews, Steve"]
[Black "Eagle, Chris"]
[Result "0-1"]
[WhiteElo "2205"]
[BlackElo "2100"]
[PlyCount "42"]
[EventDate "1990.??.??"]

{3/(4)} 1. d4 Nf6 2. c4 g6 3. Nc3 Bg7 4. Nf3 O-O 5. h3 d5 6. cxd5 Nxd5 7. e4
Nxc3 8. bxc3 c5 9. Be3 Nc6 10. Qd2 Qa5 11. Rb1 cxd4 12. cxd4 Qxd2+ 13. Kxd2 Rd8
14. Kc3 b6 15. Bb5 Bb7 16. Rhd1 Rac8 17. Kd3 Nxd4 18. Nxd4 e5 19. Rbc1 exd4 20.
Rxc8 Rxc8 21. Bxd4 Bxd4 0-1

[Event "Detroit (MI Op/1a/10)"]
[Site "?"]
[Date "1990.??.??"]
[Round "?"]
[White "Andrews, Steve"]
[Black "Brattin, Vincent"]
[Result "1-0"]
[WhiteElo "2185"]
[BlackElo "1930"]
[PlyCount "53"]
[EventDate "1990.??.??"]

1. d4 d5 2. c4 c6 3. Nf3 Nf6 4. g3 e6 5. Bg2 Bd6 6. O-O h6 7. Qc2 Nbd7 8. Nbd2
Qe7 9. Re1 Bb4 10. a3 Bxd2 11. Bxd2 a5 12. Bf4 dxc4 13. Qxc4 Nd5 14. Bd2 O-O
15. e4 N5b6 16. Qd3 Qd8 17. Rad1 Re8 18. Bf4 Nf6 19. Ne5 Nbd7 20. Nc4 b5 21.
Nd6 Re7 22. Rc1 Qb6 23. Qc3 g5 24. Be3 Ng4 25. Qxc6 Nxe3 26. Nxc8 Qxc6 27.
Nxe7+ 1-0

[Event "Detroit (RVO/2)"]
[Site "?"]
[Date "1990.??.??"]
[Round "?"]
[White "Andrews, R."]
[Black "Gabriel, R."]
[Result "1-0"]
[WhiteElo "2170"]
[BlackElo "1795"]
[PlyCount "83"]
[EventDate "1990.??.??"]

1. c4 c6 2. d4 d5 3. cxd5 cxd5 4. Nc3 h6 5. e3 Nf6 6. Bd3 e6 7. Nf3 a6 8. O-O
Bd6 9. Bd2 Nc6 10. Rc1 O-O 11. Bb1 Bd7 12. Qe2 b5 13. e4 dxe4 14. Nxe4 Nxe4 15.
Qxe4 f5 16. Qd3 Nb4 17. Bxb4 Bxb4 18. d5 Qf6 19. Rc7 Rf7 20. d6 Qxb2 21. Rc2
Qf6 22. a3 Ba5 23. Qe3 Qd8 24. Ne5 Rf6 25. Rfc1 Be8 26. d7 Bxd7 27. Rd1 Rf7 28.
Nxf7 Kxf7 29. Ba2 Qe7 30. Qd3 Rd8 31. Qxf5+ Kg8 32. Qf3 Kh8 33. h3 Be8 34. Rxd8
Bxd8 35. Rc8 Bd7 36. Rb8 Kh7 37. Bb1+ g6 38. Qd3 Qg5 39. Qxd7+ Be7 40. f4 Qh4
41. Rb7 Kg8 42. Qe8+ 1-0

[Event "Detroit (RVO/4)"]
[Site "?"]
[Date "1990.??.??"]
[Round "?"]
[White "Andrews, R."]
[Black "Darbro, D."]
[Result "1-0"]
[WhiteElo "2170"]
[BlackElo "1945"]
[PlyCount "46"]
[EventDate "1990.??.??"]

1. c4 e6 2. Nf3 f5 3. Nc3 Nf6 4. g3 b6 5. Bg2 Bb7 6. O-O Bb4 7. Qc2 Bxc3 8.
Qxc3 O-O 9. d3 d6 10. d4 Nbd7 11. d5 Ne4 12. Qc2 e5 13. Nh4 g6 14. Bh6 Ndf6 15.
Bxf8 Qxf8 16. Rad1 Qh6 17. Qc1 f4 18. Bh3 Bc8 19. Bxc8 Rxc8 20. Kg2 Ng4 21. Qb1
Nexf2 22. Rxf2 g5 23. Rf3 gxh4 1-0

[Event "Detroit (MI Op/1b/10)"]
[Site "?"]
[Date "1990.??.??"]
[Round "?"]
[White "Anderson, James A"]
[Black "Kulbacki, James"]
[Result "1/2-1/2"]
[WhiteElo "1845"]
[BlackElo "2025"]
[PlyCount "58"]
[EventDate "1990.??.??"]

1. e4 Nc6 2. d4 d5 3. e5 Bf5 4. Nf3 Qd7 5. c3 e6 6. Bd3 Nge7 7. Na3 O-O-O 8.
Be3 f6 9. exf6 gxf6 10. Qd2 Bxd3 11. Qxd3 e5 12. dxe5 fxe5 13. Qe2 Nf5 14. Nc2
d4 15. O-O-O Qg7 16. Bg5 Be7 17. Bxe7 Nfxe7 18. g3 Rhf8 19. Rd3 Qg4 20. Re1
dxc3 21. Rxc3 Nd5 22. Rd3 Ndb4 23. Rxd8+ Rxd8 24. Nxb4 Nxb4 25. Nxe5 Qf5 26.
Qc4 Rd4 27. Qg8+ Rd8 28. Qc4 Rd4 29. Qg8+ Rd8 1/2-1/2

[Event "Detroit (MI Op/4/22)"]
[Site "?"]
[Date "1990.??.??"]
[Round "?"]
[White "Anderson, JA."]
[Black "Wysocki, Jason"]
[Result "1/2-1/2"]
[WhiteElo "1845"]
[BlackElo "2110"]
[PlyCount "106"]
[EventDate "1990.??.??"]

{4/(22)} 1. e4 c6 2. d4 d5 3. e5 Bf5 4. Ne2 e6 5. Ng3 Bg6 6. Bd3 Qb6 7. c3 Bxd3
8. Qxd3 Qa6 9. Qxa6 Nxa6 10. Nd2 c5 11. dxc5 Nxc5 12. O-O Nd3 13. Nf3 Bc5 14.
Ne2 Ne7 15. Nf4 Nxf4 16. Bxf4 Ng6 17. Bd2 a5 18. a4 Kd7 19. Rfe1 f6 20. Kf1
Rhc8 21. g3 Rcb8 22. Re2 b5 23. axb5 Rxb5 24. b4 Bb6 25. exf6 gxf6 26. Nd4 Bxd4
27. cxd4 a4 28. Ra3 Ne7 29. f4 Nc6 30. Bc3 Nxb4 31. Rb2 Rab8 32. Rxa4 Nc6 33.
Rba2 Rb1+ 34. Ke2 R8b3 35. Kd2 Rh1 36. Kd3 h5 37. Rc2 f5 38. Ke3 Kd6 39. Ra6
Kc7 40. Ra4 Kb7 41. Kf3 Kb6 42. Kg2 Rd1 43. Ra8 Rd3 44. Ba1 Ra3 45. Rxa3 Rxa3
46. Bc3 Kb5 47. Kh3 Ra8 48. Kh4 Rh8 49. Bb2 Kb6 50. Kg5 Kc7 51. Ba3 Kd7 52. Bc5
Nd8 53. Kh4 Nc6 1/2-1/2

[Event "Detroit (MI Op/7/22)"]
[Site "?"]
[Date "1990.??.??"]
[Round "?"]
[White "Anderson, JA."]
[Black "Sherbel, Steve"]
[Result "0-1"]
[WhiteElo "1845"]
[BlackElo "1985"]
[PlyCount "54"]
[EventDate "1990.??.??"]

{7/(22)} 1. e4 e6 2. d4 d5 3. e5 c5 4. Nf3 cxd4 5. Nxd4 Nc6 6. Bb5 Bd7 7. Bxc6
bxc6 8. O-O Ne7 9. Nd2 Ng6 10. N2f3 Be7 11. b3 O-O 12. Bb2 f6 13. Ne2 Qc7 14.
exf6 Bxf6 15. Bxf6 Rxf6 16. Ng3 Raf8 17. c4 Rxf3 18. gxf3 Nh4 19. Rc1 Qf4 20.
Rc3 e5 21. Qc1 Nxf3+ 22. Kg2 Bh3+ 23. Kh1 Qg4 24. Re1 Nh4 25. Qd2 e4 26. Rxe4
Bg2+ 27. Kg1 Bxe4 0-1

[Event "Detroit (MI Op/6/30)"]
[Site "?"]
[Date "1990.??.??"]
[Round "?"]
[White "Anderson, JA."]
[Black "Darbro, D."]
[Result "1-0"]
[WhiteElo "1845"]
[BlackElo "1920"]
[PlyCount "77"]
[EventDate "1990.??.??"]

{6/(30)} 1. e4 e6 2. d4 d5 3. e5 c5 4. c3 Nc6 5. Nf3 Bd7 6. Be2 Qc7 7. O-O Nge7
8. Bf4 cxd4 9. cxd4 Nf5 10. Nc3 Qb6 11. Na4 Qa5 12. Bd2 Bb4 13. Bxb4 Qxb4 14.
a3 Qe7 15. Nc5 Nfxd4 16. Nxd7 Nxe2+ 17. Qxe2 Qxd7 18. Rfd1 O-O-O 19. Rac1 Kb8
20. b4 f6 21. b5 Ne7 22. a4 Rc8 23. Rb1 f5 24. a5 Rc5 25. Nd4 g6 26. Qe3 Rhc8
27. Nc6+ Nxc6 28. Qxc5 Nxe5 29. Qe3 Nc4 30. Qc3 Qe7 31. a6 b6 32. Re1 Rc7 33.
Rbd1 Rd7 34. Qh8+ Kc7 35. Qd4 Kb8 36. Qf4+ Kc8 37. Qf3 Kb8 38. Rxd5 Qb4 39.
Rdd1 $138 1-0

[Event "Lansing (MI Am/3/26)"]
[Site "?"]
[Date "1990.??.??"]
[Round "?"]
[White "Anderson, Gale"]
[Black "Waller, A."]
[Result "1-0"]
[WhiteElo "1710"]
[BlackElo "1605"]
[PlyCount "71"]
[EventDate "1990.??.??"]

{3/(26)} 1. d4 Nf6 2. c4 e6 3. Nc3 Bb4 4. Qc2 d5 5. e3 O-O 6. a3 Bxc3+ 7. bxc3
Nbd7 8. Nf3 c5 9. Be2 b6 10. cxd5 Nxd5 11. c4 Ne7 12. O-O Qc7 13. Bb2 Bb7 14.
Rfd1 Nf6 15. h3 Ne4 16. Rac1 cxd4 17. Bd3 f5 18. Nxd4 Rf6 19. Nb5 Qc6 20. Bxe4
fxe4 21. Bxf6 gxf6 22. Rd6 Qc5 23. Rcd1 a6 24. Rd8+ Kg7 25. Rxa8 Bxa8 26. Nd6
Qxa3 27. Nxe4 Bxe4 28. Qxe4 e5 29. f4 Qc5 30. f5 b5 31. cxb5 axb5 32. g4 h6 33.
Kf2 b4 34. Qb1 Nc6 35. Qb3 Ne7 36. Rd7 1-0

[Event "Lansing (MI Am/1/43)"]
[Site "?"]
[Date "1990.??.??"]
[Round "?"]
[White "Anderson, Gale"]
[Black "Vangilder, D."]
[Result "1-0"]
[WhiteElo "1710"]
[BlackElo "1605"]
[PlyCount "99"]
[EventDate "1990.??.??"]

{1/(43)} 1. d4 d5 2. e3 Nf6 3. c4 e6 4. Nc3 c5 5. Nf3 Nc6 6. b3 Be7 7. Bb2 O-O
8. a3 cxd4 9. exd4 Bd6 10. c5 Bc7 11. Nb5 a6 12. Nxc7 Qxc7 13. Bd3 Ne4 14. O-O
Qf4 15. Qc2 f5 16. Rad1 Ng5 17. Nxg5 Qxg5 18. f4 Qf6 19. Qf2 Bd7 20. b4 Ne7 21.
Qe2 Ng6 22. Qc2 Qe7 23. Ra1 Qe8 24. a4 a5 25. b5 b6 26. Ba3 bxc5 27. dxc5 Rf7
28. Qd2 Qd8 29. Bb2 Rc8 30. Bd4 Ra8 31. Rae1 Bc8 32. g3 Nf8 33. c6 Ng6 34. Rf2
Re7 35. Qc3 Rf7 36. b6 Ba6 37. c7 Qc8 38. Rb2 Bb7 39. Rb5 Ne7 40. Rxa5 Nc6 41.
Rxa8 Bxa8 42. a5 Bb7 43. Ra1 Nxd4 44. Qxd4 Ba6 45. Qe3 d4 46. Bxa6 Qxa6 47.
Qxd4 Qc8 48. Qd8+ Rf8 49. Qxc8 Rxc8 50. b7 1-0